[Event "Madrid"]
[Site "?"]
[Date "1994.??.??"]
[Round "?"]
[White "Shirov, A."]
[Black "Sokolov, I."]
[Result "1/2-1/2"]
[WhiteElo "2715"]
[BlackElo "2650"]
[PlyCount "74"]
[EventDate "1994.??.??"]
[Source "ChessBase"]
[SourceDate "1994.02.01"]

1. e4 e5 2. Nf3 Nc6 3. Nc3 Nf6 4. Bb5 Nd4 5. Ba4 c6 6. O-O d6 7. Nxd4 exd4 8. Ne2 Qb6 9. d3 Be7 10. c3 dxc3 11. Nxc3 O-O 12. d4 d5 13. e5 Ne4 14. Bc2 f5 15. Ne2 Kh8 16. h4 Bxh4 17. g3 Be7 18. Kg2 c5 19. Nf4 Bg5 20. f3 Bxf4 21. Bxf4 cxd4 22. fxe4 fxe4 23. Bb3 Be6 24. Rh1 d3 25. Rh4 d4 26. Qh5 Bf5 27. e6 e3 28. Be5 Qc6+ 29. Kg1 e2 30. Qg5 Bg6 31. Rxd4 Qf3 32. Rf4 Qe3+ 33. Kh2 Rxf4 34. Qxf4 e1=Q 35. Rxe1 Qxe1 36. Bxg7+ Kxg7 37. Qd4+ Kh6 1/2-1/2

[Event "5. It"]
[Site "5. It Bugojno"]
[Date "1986.??.??"]
[Round "14"]
[White "Spassky, Boris Vasily"]
[Black "Timman, Jan Hein"]
[Result "1/2-1/2"]
[WhiteElo "2610"]
[BlackElo "2645"]
[PlyCount "63"]
[EventDate "1986.??.??"]
[Source "www.chesslib.no"]
[SourceDate "2004.05.04"]

1. e4 e5 2. Nf3 Nc6 3. Nc3 Nf6 4. Bb5 Nd4 5. Nxd4 exd4 6. e5 dxc3 7. exf6 Qxf6 8. dxc3 Qe5+ 9. Qe2 Qxe2+ 10. Bxe2 Be7 11. Bf4 d6 12. Bf3 c6 13. c4 Be6 14. b3 Bf6 15. O-O-O Be5 16. Be3 O-O 17. g3 Rfd8 18. Rhe1 Bc3 19. Bd2 Bxd2+ 20. Rxd2 Kf8 21. Kb2 Rd7 22. Kc3 Rad8 23. Red1 Ke7 24. b4 d5 25. cxd5 Bxd5 26. Bxd5 Rxd5 27. Rxd5 cxd5 28. Kd4 Kd6 29. a4 a6 30. a5 f6 31. c3 Kc6 32. h4 1/2-1/2

[Event "Moscow ol (Men)"]
[Site "Moscow"]
[Date "1994.??.??"]
[Round "2"]
[White "Short, Nigel D"]
[Black "Tkachiev, Vladislav"]
[Result "1/2-1/2"]
[WhiteElo "2665"]
[BlackElo "2580"]
[PlyCount "73"]
[EventDate "1994.11.??"]
[Source "ChessBase"]

1. e4 e5 2. Nf3 Nc6 3. Nc3 Nf6 4. Bb5 Nd4 5. Ba4 c6 6. d3 b5 7. Bb3 Nxb3 8. axb3 d6 9. h3 Be7 10. O-O O-O 11. Ne2 Re8 12. Ng3 a5 13. d4 Qc7 14. Re1 c5 15. c3 Bd8 16. Bg5 Be6 17. d5 Bd7 18. Nd2 h6 19. Be3 Nh7 20. Rf1 Bg5 21. Qe2 a4 22. bxa4 bxa4 23. Ra2 Rab8 24. Nf5 Bxf5 25. exf5 Nf6 26. Bxg5 hxg5 27. Ne4 Nxd5 28. Nxg5 Qd7 29. Ne4 Qxf5 30. Nxd6 Nf4 31. Nxf5 Nxe2+ 32. Kh2 a3 33. bxa3 Nxc3 34. Rc2 Rb3 35. Rfc1 Na4 36. Nd6 Rd8 37. Ne4 1/2-1/2

[Event "Vilnius"]
[Site "?"]
[Date "1995.??.??"]
[Round "?"]
[White "Yudasin, L."]
[Black "Rozentalis, E."]
[Result "1-0"]
[WhiteElo "2630"]
[BlackElo "2610"]
[PlyCount "99"]
[EventDate "1995.??.??"]
[Source "ChessBase"]
[SourceDate "1995.10.01"]

1. e4 e5 2. Nf3 Nc6 3. Nc3 Nf6 4. Bb5 Nd4 5. Ba4 Nxf3+ 6. Qxf3 Bb4 7. Ne2 O-O 8. c3 Ba5 9. d3 d5 10. Bg5 dxe4 11. dxe4 Qd6 12. Rd1 Qa6 13. Bxf6 Qxf6 14. Qxf6 gxf6 15. Bd7 Bxd7 16. Rxd7 Rfd8 17. Rxd8+ Rxd8 18. Ng3 Kf8 19. Nf5 Ke8 20. h4 Kd7 21. Rh3 Rg8 22. Rd3+ Ke6 23. g3 Bb6 24. Rd5 a6 25. c4 Ba7 26. c5 Bb8 27. c6 bxc6 28. Ra5 Ba7 29. Rxa6 Bb6 30. Ra4 Rb8 31. b3 Bc5 32. Rc4 Bb4+ 33. Ke2 Kd7 34. Kf3 Bf8 35. Kg4 Rb6 36. Ra4 Rb8 37. Ne3 Bc5 38. Nd1 Ke6 39. Rc4 Rg8+ 40. Kh5 Kd6 41. Kh6 Bd4 42. Rc2 c5 43. Re2 c4 44. Kxh7 Rg6 45. bxc4 Kc5 46. Ne3 Kb4 47. a4 c5 48. h5 Rg5 49. Nd5+ Kxc4 50. Nxf6 1-0

[Event "Pamplona"]
[Site "?"]
[Date "1996.??.??"]
[Round "?"]
[White "Ponomariov, R."]
[Black "Almasi, Z."]
[Result "0-1"]
[WhiteElo "2550"]
[BlackElo "2655"]
[PlyCount "164"]
[EventDate "1996.??.??"]
[Source "ChessBase"]
[SourceDate "1996.10.01"]

1. e4 e5 2. Nf3 Nc6 3. Nc3 Nf6 4. Bb5 Nd4 5. Ba4 c6 6. Nxe5 d6 7. Nf3 Bg4 8. h3 Bxf3 9. gxf3 g6 10. Nb1 Qa5 11. c3 Nxf3+ 12. Qxf3 Qxa4 13. d4 Bg7 14. O-O O-O 15. Bg5 Nh5 16. Be7 Rfe8 17. Bxd6 Rad8 18. b3 Qa6 19. Bh2 c5 20. d5 f5 21. exf5 Rf8 22. d6 Rxf5 23. Qe3 Qc6 24. Re1 Bf8 25. Rd1 Re8 26. Qd2 Nf6 27. Qd3 Rd5 28. Qf1 Rg5+ 29. Bg3 Bxd6 30. Qg2 Ne4 31. Rxd6 Nxd6 32. Qxc6 Re1+ 33. Kh2 bxc6 34. Bxd6 Rd5 35. Bf4 Rdd1 36. Be3 a6 37. Bxc5 Rh1+ 38. Kg3 Rdg1+ 39. Kf4 Rxh3 40. b4 Rhh1 41. a4 Rxb1 42. Ra2 Ra1 43. Rd2 Rhd1 44. Re2 Re1 45. Rd2 Rad1 46. Rb2 Rd5 47. Be3 Ra1 48. a5 Rh1 49. Kg3 Rg1+ 50. Kh2 Rg4 51. Kh3 Re4 52. Kg2 Rd3 53. Bc5 g5 54. Rb1 Kf7 55. Rc1 Kf6 56. c4 Kf5 57. b5 cxb5 58. cxb5 axb5 59. a6 Rg4+ 60. Kh2 Rc4 61. a7 Rd8 62. Rd1 Ra8 63. Rd5+ Ke4 64. Rxg5 Kf3 65. Rf5+ Rf4 66. Rh5 Rf7 67. Rh3+ Ke4 68. Rb3 Rb7 69. Rb4+ Kd5 70. Be3 Kc6 71. f4 Raxa7 72. Bxa7 Rxa7 73. Rb1 Rb7 74. Kg3 b4 75. f5 b3 76. Kf4 Kd5 77. Kg5 b2 78. f6 Ke6 79. Re1+ Kf7 80. Rb1 Rb5+ 81. Kh6 Kxf6 82. Kxh7 Ke5 0-1

[Event "Elista ol (Men)"]
[Site "Elista"]
[Date "1998.10.09"]
[Round "10"]
[White "Sutovsky, Emil"]
[Black "Piket, Jeroen"]
[Result "0-1"]
[WhiteElo "2575"]
[BlackElo "2605"]
[PlyCount "104"]
[EventDate "1998.09.29"]
[Source "ChessBase"]
[SourceDate "1998.11.06"]

1. e4 e5 2. Nf3 Nc6 3. Nc3 Nf6 4. Bb5 Nd4 5. O-O Nxb5 6. Nxb5 c6 7. Nc3 d6 8. d4 Qc7 9. Bg5 Be7 10. h3 h6 11. Bh4 g5 12. dxe5 gxh4 13. exf6 Bxf6 14. Re1 Rg8 15. Kh1 Rg6 16. e5 Be7 17. Nxh4 Re6 18. exd6 Rxe1+ 19. Qxe1 Qxd6 20. Qe4 Qf6 21. Re1 Be6 22. Nf3 O-O-O 23. Qe3 Bb4 24. Ne5 Qg5 25. f4 Qh4 26. Rf1 Bxc3 27. bxc3 Kb8 28. f5 Bxa2 29. c4 Qd4 30. Qg3 Kc8 31. c3 Qe4 32. Ra1 Qxf5 33. Kh2 Rd2 34. Nf3 Rb2 35. Rd1 Qg6 36. Rd6 Qxg3+ 37. Kxg3 Bxc4 38. Rxh6 a5 39. Rh8+ Kc7 40. h4 Bf1 41. h5 Rxg2+ 42. Kf4 Be2 43. Nd4 a4 44. h6 Bd3 45. Nf3 a3 46. Ra8 a2 47. Ne1 Ba6 48. Nxg2 a1=Q 49. h7 Qf1+ 50. Ke5 Qe2+ 51. Kf4 Qf2+ 52. Ke5 Qg3+ 0-1

[Event "Krasnodar"]
[Site "Krasnodar"]
[Date "2000.??.??"]
[Round "7"]
[White "Malaniuk, Vladimir P"]
[Black "Aleksandrov, Aleksej"]
[Result "1/2-1/2"]
[WhiteElo "2572"]
[BlackElo "2606"]
[PlyCount "21"]
[EventDate "2000.??.??"]
[Source "www.chesslib.no"]
[SourceDate "2004.05.04"]

1. e4 e5 2. Nf3 Nc6 3. Nc3 Nf6 4. Bb5 Nd4 5. Nxd4 exd4 6. e5 dxc3 7. exf6 Qxf6 8. dxc3 Qe5+ 9. Be2 Be7 10. O-O O-O 11. Bd3 1/2-1/2

[Event "Pardubice"]
[Site "?"]
[Date "1994.??.??"]
[Round "?"]
[White "Kindermann, S."]
[Black "Georgiev, Ki"]
[Result "1/2-1/2"]
[WhiteElo "2560"]
[BlackElo "2615"]
[PlyCount "63"]
[EventDate "1994.??.??"]
[Source "ChessBase"]
[SourceDate "1994.06.01"]

1. e4 e5 2. Nf3 Nc6 3. Nc3 Nf6 4. Bb5 Nd4 5. Ba4 Bc5 6. Nxe5 O-O 7. Nd3 Bb6 8. e5 Ne8 9. Nd5 d6 10. Ne3 c6 11. c3 Ne6 12. exd6 Nxd6 13. O-O f5 14. f4 Ne4 15. Ne5 g5 16. d4 Nxf4 17. Bb3+ Kg7 18. N3c4 Ng6 19. Nxb6 axb6 20. Bc2 Nxe5 21. dxe5 Qxd1 22. Rxd1 Be6 23. Bxe4 fxe4 24. Bxg5 Rxa2 25. Rxa2 Bxa2 26. Bf6+ Kg6 27. Kf2 h5 28. Rd7 Rf7 29. Rd8 Rh7 30. Ke3 Kf5 31. Rf8 Rd7 32. Rd8 1/2-1/2

[Event "Abu Dhabi (14eme open)"]
[Site "?"]
[Date "2005.08.19"]
[Round "5"]
[White "Iuldachev Saidali"]
[Black "Aleksandrov Aleksej"]
[Result "1/2-1/2"]
[WhiteElo "2541"]
[BlackElo "2630"]
[PlyCount "41"]
[EventDate "2005.??.??"]
[Source "www.chesslib.no"]
[SourceDate "2004.05.04"]

1. e4 e5 2. Nf3 Nc6 3. Nc3 Nf6 4. Bb5 Nd4 5. Nxd4 exd4 6. e5 dxc3 7. exf6 Qxf6 8. dxc3 Bc5 9. O-O O-O 10. Qh5 d6 11. a4 a6 12. Bd3 h6 13. Be3 Bxe3 14. fxe3 Qg5 15. Qxg5 hxg5 16. Rf3 Re8 17. Bc4 Be6 18. Bxe6 Rxe6 19. Kf2 Rae8 20. h3 Re4 21. b3 1/2-1/2

[Event "Yerevan (ol)"]
[Site "?"]
[Date "1996.??.??"]
[Round "?"]
[White "Istratescu, A."]
[Black "Malaniuk, Vladimir P"]
[Result "0-1"]
[WhiteElo "2535"]
[BlackElo "2610"]
[PlyCount "50"]
[EventDate "1996.??.??"]
[Source "ChessBase"]
[SourceDate "1996.06.01"]

1. e4 e5 2. Nf3 Nc6 3. Nc3 Nf6 4. Bb5 Nd4 5. Ba4 c6 6. Nxe5 d6 7. Nf3 Bg4 8. d3 d5 9. Be3 Nxf3+ 10. gxf3 Bh5 11. e5 d4 12. exf6 dxc3 13. fxg7 Bxg7 14. Rg1 cxb2 15. Rb1 Qa5+ 16. Kf1 Bf6 17. Qe1 Qxe1+ 18. Rxe1 O-O-O 19. Bxa7 Bc3 20. Rb1 Rd5 21. Bb3 Rf5 22. Be3 Bxf3 23. a4 b5 24. axb5 cxb5 25. d4 Kd7 0-1

[Event "Ch team"]
[Site "?"]
[Date "2001.??.??"]
[Round "11"]
[White "Acs Peter"]
[Black "Beliavsky Alexander G"]
[Result "1/2-1/2"]
[WhiteElo "2507"]
[BlackElo "2638"]
[PlyCount "117"]
[EventDate "2001.??.??"]
[Source "www.chesslib.no"]
[SourceDate "2004.05.04"]

1. e4 e5 2. Nf3 Nc6 3. Nc3 Nf6 4. Bb5 Nd4 5. Ba4 Bc5 6. Nxe5 O-O 7. Nd3 Bb6 8. e5 Ne8 9. Nd5 d6 10. Ne3 Qg5 11. exd6 Nxd6 12. O-O Bf5 13. Ne1 Bg6 14. c3 N4f5 15. d4 c5 16. Nd5 Qd8 17. dxc5 Bxc5 18. Nd3 Ne4 19. Nxc5 Nxc5 20. Bc2 Re8 21. c4 Rc8 22. b3 Ne6 23. Ba3 Nfd4 24. Bxg6 hxg6 25. Re1 Nf5 26. Bb2 a6 27. Re5 Ne7 28. g3 Nxd5 29. Rxd5 Qb6 30. Qd2 Rcd8 31. Re1 Rxd5 32. cxd5 Nc7 33. Rxe8+ Nxe8 34. Qe2 Qd8 35. Qe5 Qd7 36. Qd4 f6 37. Ba3 Nc7 38. d6 Ne6 39. Qd5 g5 40. f4 gxf4 41. gxf4 Kh7 42. Qf5+ Kg8 43. h4 Nf8 44. Qxd7 Nxd7 45. Kf2 f5 46. h5 g6 47. hxg6 Kg7 48. Bb2+ Kxg6 49. Bd4 Kf7 50. Kg3 Nb8 51. Be5 Nd7 52. Kf3 Ke6 53. Ke3 Kd5 54. Kd3 Nc5+ 55. Kc3 Ne4+ 56. Kd3 Nc5+ 57. Ke3 Nd7 58. Kf3 Ke6 59. Kg3 1/2-1/2

[Event "HUN-ch 53rd"]
[Site "Heviz"]
[Date "2003.05.16"]
[Round "5"]
[White "Berkes, Ferenc"]
[Black "Gyimesi, Zoltan"]
[Result "1/2-1/2"]
[WhiteElo "2578"]
[BlackElo "2567"]
[PlyCount "108"]
[EventDate "2003.05.12"]
[Source "ChessBase"]
[SourceDate "2003.09.25"]

1. e4 e5 2. Nf3 Nc6 3. Nc3 Nf6 4. Bb5 Nd4 5. Ba4 c6 6. Nxe5 d6 7. Nf3 Bg4 8. d3 d5 9. exd5 Nxd5 10. O-O Be7 11. Re1 O-O 12. Nxd5 Qxd5 13. Rxe7 Nxf3+ 14. gxf3 Bxf3 15. Qd2 Rae8 16. Bb3 Qd8 17. Rxe8 Rxe8 18. Bxf7+ Kxf7 19. Qf4+ Qf6 20. Qxf6+ Kxf6 21. Be3 a6 22. a4 g5 23. a5 Rd8 24. Kf1 Rd5 25. Ke1 Rb5 26. Ra4 Kg6 27. b3 Kh5 28. Kd2 g4 29. Rf4 Kg6 30. Ra4 Kh5 31. Kc3 Kh4 32. Rb4 Rxa5 33. Rxb7 h5 34. Bf4 Kh3 35. Bg3 Kg2 36. Rh7 Rc5+ 37. Kd2 Rf5 38. Ra7 Rf8 39. Rxa6 Rh8 40. d4 h4 41. Be5 Rf8 42. c4 Kxf2 43. Kc3 Ke3 44. Ra7 Rg8 45. Re7 Be4 46. b4 g3 47. hxg3 hxg3 48. Rg7 Rxg7 49. Bxg7 g2 50. d5 Kf4 51. Bd4 cxd5 52. c5 Bg6 53. b5 Be8 54. c6 Ke4 1/2-1/2

[Event "Dubai op"]
[Site "Dubai"]
[Date "2001.04.22"]
[Round "7"]
[White "Sermek, Drazen"]
[Black "Aleksandrov, Aleksej"]
[Result "1/2-1/2"]
[WhiteElo "2525"]
[BlackElo "2610"]
[PlyCount "31"]
[EventDate "2001.04.15"]
[Source "ChessBase"]
[SourceDate "2001.07.05"]

1. e4 e5 2. Nf3 Nc6 3. Nc3 Nf6 4. Bb5 Nd4 5. Nxd4 exd4 6. e5 dxc3 7. exf6 Qxf6 8. dxc3 Bc5 9. O-O O-O 10. Qh5 d6 11. Qg5 Qxg5 12. Bxg5 c6 13. Bd3 Re8 14. Rfe1 Bd7 15. Kf1 d5 16. c4 1/2-1/2

[Event "Elista ol (Men)"]
[Site "Elista"]
[Date "1998.10.01"]
[Round "3"]
[White "Movsesian, Sergei"]
[Black "Moldobaev, Emelbek"]
[Result "1-0"]
[WhiteElo "2640"]
[BlackElo "2490"]
[PlyCount "57"]
[EventDate "1998.09.29"]
[Source "ChessBase"]
[SourceDate "1998.11.06"]

1. e4 e5 2. Nf3 Nc6 3. Nc3 Nf6 4. Bb5 Nd4 5. Ba4 Nxf3+ 6. Qxf3 c6 7. O-O d6 8. h3 Be7 9. Ne2 Qa5 10. Bb3 Be6 11. Ng3 Bxb3 12. Qxb3 Qb6 13. Qf3 g6 14. d3 Nd7 15. b3 Qd8 16. Ne2 O-O 17. Bh6 Re8 18. Qg3 Bf8 19. Bxf8 Rxf8 20. f4 Qa5 21. Rf2 Rae8 22. f5 d5 23. Qh4 Qc5 24. Ng3 Qe3 25. Raf1 g5 26. Qh6 Qxg3 27. f6 Nxf6 28. Rf5 Nxe4 29. dxe4 1-0

[Event "URS-ch sf"]
[Site "Tbilisi"]
[Date "1973.??.??"]
[Round "11"]
[White "Bronstein, David I"]
[Black "Vasiukov, Evgeni"]
[Result "1/2-1/2"]
[WhiteElo "2570"]
[BlackElo "2560"]
[PlyCount "65"]
[EventDate "1973.??.??"]
[Source "ChessBase"]

1. e4 e5 2. Nf3 Nc6 3. Nc3 Nf6 4. Bb5 Nd4 5. Nxd4 exd4 6. e5 dxc3 7. exf6 Qxf6 8. Qe2+ Qe7 9. dxc3 c6 10. Bd3 Qxe2+ 11. Kxe2 d5 12. Bf4 Be6 13. Rhe1 Kd7 14. Rad1 Bd6 15. Bxd6 Kxd6 16. c4 Bg4+ 17. f3 Rae8+ 18. Kd2 Rxe1 19. Rxe1 Be6 20. cxd5 Bxd5 21. a3 h6 22. Re3 c5 23. Be4 Bxe4 24. Rxe4 Rd8 25. c4 f5 26. Re3 g5 27. Rd3+ Ke7 28. Rxd8 Kxd8 29. g3 Kd7 30. f4 g4 31. b3 b6 32. Kc3 a5 33. a4 1/2-1/2

[Event "ISR-chT"]
[Site "Israel"]
[Date "1999.05.08"]
[Round "11"]
[White "Sutovsky, Emil"]
[Black "Gofshtein, Leonid D"]
[Result "1-0"]
[WhiteElo "2612"]
[BlackElo "2517"]
[PlyCount "81"]
[EventDate "1999.01.??"]
[Source "www.chesslib.no"]
[SourceDate "2004.05.04"]

1. e4 e5 2. Nf3 Nc6 3. Nc3 Nf6 4. Bb5 Nd4 5. O-O c6 6. Ba4 Nxf3+ 7. Qxf3 d6 8. d3 a5 9. Bb3 Be7 10. h3 O-O 11. Be3 Ne8 12. Rad1 Bg5 13. d4 Qe7 14. dxe5 dxe5 15. Bxg5 Qxg5 16. Na4 Nf6 17. Nb6 Ra6 18. Nxc8 Rxc8 19. a4 b6 20. Bc4 Raa8 21. Qb3 Qg6 22. Rfe1 Rab8 23. Ba6 Rf8 24. Rd6 Qg5 25. Rxc6 Nh5 26. g3 Nf4 27. Bf1 Ne6 28. Qe3 Qe7 29. Rxb6 Qc7 30. Rxb8 Rxb8 31. b3 Qxc2 32. Rc1 Qb2 33. Bc4 Nd4 34. Kg2 h6 35. Bd5 Rb6 36. Qc3 Qe2 37. Re1 Qa6 38. Qc7 Rf6 39. Re3 Kh7 40. h4 Nc6 41. h5 1-0

[Event "Elista ol (Men)"]
[Site "Elista"]
[Date "1998.10.01"]
[Round "3"]
[White "Iuldachev, Saidali"]
[Black "Giorgadze, Giorgi"]
[Result "1-0"]
[WhiteElo "2505"]
[BlackElo "2610"]
[PlyCount "49"]
[EventDate "1998.09.29"]
[Source "ChessBase"]
[SourceDate "1998.11.06"]

1. e4 e5 2. Nf3 Nc6 3. Nc3 Nf6 4. Bb5 Nd4 5. Nxd4 exd4 6. e5 dxc3 7. exf6 Qxf6 8. dxc3 Qe5+ 9. Be2 Bc5 10. O-O O-O 11. Bd3 d5 12. Qf3 c6 13. Bf4 Qe7 14. Rae1 Be6 15. Qg3 Rfe8 16. b4 Bb6 17. Re2 g6 18. Rfe1 Bd8 19. Rxe6 Qxe6 20. Rxe6 Rxe6 21. h4 Bf6 22. Bd2 h5 23. f4 Rae8 24. f5 Be5 25. Bf4 1-0

[Event "ISR-chT"]
[Site "Israel"]
[Date "1999.01.15"]
[Round "2"]
[White "Sutovsky, Emil"]
[Black "Mikhalevski, Victor"]
[Result "1-0"]
[WhiteElo "2575"]
[BlackElo "2540"]
[PlyCount "75"]
[EventDate "1999.01.??"]
[Source "www.chesslib.no"]
[SourceDate "2004.05.04"]

1. e4 e5 2. Nf3 Nc6 3. Nc3 Nf6 4. Bb5 Nd4 5. O-O Nxb5 6. Nxb5 c6 7. Nc3 d6 8. d4 Qc7 9. Bg5 Be7 10. h3 Bd7 11. a4 h6 12. Be3 O-O 13. Qd3 Rad8 14. a5 c5 15. d5 Nh5 16. Qc4 Qc8 17. Qe2 Nf4 18. Bxf4 exf4 19. e5 Bf5 20. Rfe1 dxe5 21. Nxe5 Bf6 22. Qd2 Rfe8 23. Qxf4 Bxc2 24. Nc4 Rxe1+ 25. Rxe1 Bd3 26. Ne4 Bg5 27. Nxg5 hxg5 28. Qc1 Rxd5 29. Ne5 Qf5 30. Ng4 Qf4 31. Qd1 c4 32. Re8+ Kh7 33. Qe1 Qc7 34. Qe3 Rxa5 35. Ne5 f6 36. Qf3 Bg6 37. Nd3 Ra1+ 38. Ne1 1-0

[Event "tt"]
[Site "Soviet Union tt"]
[Date "1981.??.??"]
[Round "?"]
[White "Nei, Iivo"]
[Black "Beliavsky, Alexander G"]
[Result "1/2-1/2"]
[WhiteElo "2495"]
[BlackElo "2620"]
[PlyCount "72"]
[EventDate "1981.??.??"]
[Source "www.chesslib.no"]
[SourceDate "2004.05.04"]

1. e4 e5 2. Nf3 Nc6 3. Nc3 Nf6 4. Bb5 Nd4 5. Nxd4 exd4 6. e5 dxc3 7. exf6 Qxf6 8. dxc3 Bc5 9. Qe2+ Qe6 10. Bc4 Qxe2+ 11. Kxe2 O-O 12. Re1 Re8+ 13. Kf1 Rxe1+ 14. Kxe1 d6 15. Bd2 Be6 16. Bd3 d5 17. Bf4 Rc8 18. Kf1 Bf8 19. Rd1 h6 20. h3 g5 21. Be5 Bg7 22. Re1 c5 23. Bxg7 Kxg7 24. Be2 Rc6 25. Bf3 Ra6 26. a3 Kf6 27. Ke2 Ke5 28. Kd2+ Kd6 29. Rh1 Ra4 30. g3 Ke5 31. Re1+ Kd6 32. Rh1 Bf5 33. Be2 a6 34. Bd3 Be6 35. Ke3 Ke5 36. h4 d4+ 1/2-1/2

[Event "Mind Sports Games - Rapid Team"]
[Site "Pechino CINA"]
[Date "2008.10.16"]
[Round "9"]
[White "Leon Hoyos, M."]
[Black "Stefansson, H."]
[Result "1/2-1/2"]
[WhiteElo "2535"]
[BlackElo "2575"]
[PlyCount "52"]
[EventDate "2008.10.14"]
[Source "www.chesslib.no"]
[SourceDate "2004.05.04"]

1. e4 e5 2. Nf3 Nc6 3. Nc3 Nf6 4. Bb5 Nd4 5. Bc4 Nxf3+ 6. Qxf3 d6 7. Rg1 Be6 8. Bxe6 fxe6 9. g4 Qe7 10. d3 Nd7 11. Be3 Qf7 12. Qxf7+ Kxf7 13. f4 exf4 14. Bxf4 Be7 15. Rf1 Kg6 16. Nb5 Bd8 17. Bg3 e5 18. Ke2 h5 19. gxh5+ Rxh5 20. Rg1 Kh7 21. Raf1 Kg8 22. Na3 Nf8 23. Nc4 Bh4 24. Ne3 Bxg3 25. hxg3 Rh2+ 26. Rg2 Rxg2+ 1/2-1/2

[Event "Coria del Rio op 8th"]
[Site "Coria del Rio"]
[Date "2002.02.18"]
[Round "6"]
[White "Campora, Daniel Hugo"]
[Black "Korneev, Oleg"]
[Result "1/2-1/2"]
[WhiteElo "2542"]
[BlackElo "2568"]
[PlyCount "93"]
[EventDate "2002.02.13"]
[Source "ChessBase"]
[SourceDate "2002.03.14"]

1. e4 e5 2. Nf3 Nc6 3. Nc3 Nf6 4. Bb5 Nd4 5. Nxd4 exd4 6. e5 dxc3 7. exf6 Qxf6 8. dxc3 Bc5 9. O-O O-O 10. Qh5 b6 11. Bd3 g6 12. Qg5 Be7 13. Qg3 d6 14. Bh6 Re8 15. Bb5 Rd8 16. Rfe1 Bd7 17. Bxd7 Rxd7 18. Re3 Qh4 19. Qxh4 Bxh4 20. Rae1 f5 21. g3 Bf6 22. h4 Kf7 23. Bg5 Be5 24. f4 Bf6 25. Bxf6 Kxf6 26. Re6+ Kf7 27. h5 Rg8 28. Kf2 c6 29. Kf3 c5 30. c4 Rb8 31. g4 fxg4+ 32. Kxg4 gxh5+ 33. Kxh5 Rg8 34. Rh6 Kf8 35. Rf6+ Rf7 36. Ree6 Rg2 37. Rxd6 Rxf6 38. Rxf6+ Ke7 39. Rc6 Rxc2 40. Kg5 Rg2+ 41. Kf5 Rxb2 42. Rc7+ Kd6 43. Rxa7 Rc2 44. Rxh7 Rxc4 45. Rh6+ Kd5 46. Rxb6 Rc2 47. Rb8 1/2-1/2

[Event "Camp. svizzero a sq. - Losanna-Zurigo"]
[Site "Svizzera"]
[Date "2008.03.02"]
[Round "1.2"]
[White "Gallagher, Joseph"]
[Black "Pelletier, Yannick"]
[Result "1/2-1/2"]
[WhiteElo "2481"]
[BlackElo "2625"]
[PlyCount "37"]
[EventDate "2008.03.02"]
[Source "www.chesslib.no"]
[SourceDate "2004.05.04"]

1. e4 e5 2. Nf3 Nc6 3. Nc3 Nf6 4. Bb5 Nd4 5. O-O Nxb5 6. Nxb5 c6 7. Nc3 d6 8. d4 Qc7 9. h3 b5 10. Qd3 Be7 11. Ne2 O-O 12. Ng3 Re8 13. b3 Bf8 14. Bb2 Bb7 15. Rfe1 Rad8 16. Rad1 Nd7 17. c4 bxc4 18. Qxc4 Nb6 19. Qc3 1/2-1/2

[Event "RUS-ch51"]
[Site "St Petersburg"]
[Date "1998.08.07"]
[Round "11"]
[White "Kobalija, Mihail"]
[Black "Korneev, Oleg"]
[Result "1-0"]
[WhiteElo "2505"]
[BlackElo "2600"]
[PlyCount "83"]
[EventDate "1998.07.28"]
[Source "ChessBase"]
[SourceDate "1998.11.30"]

1. e4 e5 2. Nf3 Nc6 3. Nc3 Nf6 4. Bb5 Nd4 5. Ba4 Bc5 6. Nxe5 O-O 7. Nd3 Bb6 8. e5 Ne8 9. Nd5 d6 10. Ne3 dxe5 11. Nxe5 Qg5 12. N5c4 f5 13. f4 Qxf4 14. c3 Ne6 15. d4 Qh4+ 16. g3 Qd8 17. Ng2 f4 18. Bxf4 Nxf4 19. Nxf4 Rxf4 20. gxf4 Qh4+ 21. Kd2 Qxf4+ 22. Ne3 Nd6 23. Bb3+ Kh8 24. Qf1 Ne4+ 25. Ke2 Bg4+ 26. Nxg4 Qd2+ 27. Kf3 Ng5+ 28. Kg3 Ne4+ 29. Kh3 h5 30. Rg1 hxg4+ 31. Rxg4 Ng5+ 32. Kh4 Qxh2+ 33. Kxg5 Qh6+ 34. Kf5 Rf8+ 35. Ke4 Qh7+ 36. Ke3 Rxf1 37. Rxf1 Qh3+ 38. Kd2 g5 39. Rgg1 Kg7 40. Rxg5+ Kh6 41. Rgg1 Qh2+ 42. Kc1 1-0

[Event "Moscow Aeroflot op"]
[Site "Moscow"]
[Date "2002.02.06"]
[Round "3"]
[White "Prokopchuk, Evgeny"]
[Black "Magomedov, Magaram"]
[Result "1/2-1/2"]
[WhiteElo "2508"]
[BlackElo "2596"]
[PlyCount "67"]
[EventDate "2002.02.04"]
[Source "ChessBase"]
[SourceDate "2002.03.21"]

1. e4 e5 2. Nf3 Nc6 3. Nc3 Nf6 4. Bb5 Nd4 5. Ba4 Nxf3+ 6. Qxf3 c6 7. O-O d6 8. d3 Be7 9. Nd5 h6 10. Nxe7 Qxe7 11. c3 O-O 12. Re1 Bd7 13. Bc2 Rfe8 14. h3 Rad8 15. Be3 c5 16. d4 Bc6 17. dxc5 dxc5 18. Rad1 b6 19. Bc1 Rxd1 20. Rxd1 Rd8 21. Rxd8+ Qxd8 22. Kh2 Qd6 23. Qe2 Bd7 24. Be3 Be6 25. Qa6 Qc7 26. b3 Ne8 27. Qe2 Nd6 28. Qd2 Qc6 29. f3 a5 30. Qf2 f6 31. Bd1 Nb5 32. Qb2 Nd6 33. Bf2 Kf8 34. Be2 1/2-1/2

[Event "FBL w Playoff 2003-4"]
[Site "Baden Baden"]
[Date "2004.05.09"]
[Round "16"]
[White "Keitlinghaus, Ludger"]
[Black "Van den Doel, Erik"]
[Result "1/2-1/2"]
[WhiteElo "2503"]
[BlackElo "2599"]
[PlyCount "83"]
[EventDate "2004.04.01"]
[Source "Roberto Alvarez"]
[SourceDate "2004.05.10"]

1. e4 e5 2. Nf3 Nc6 3. Nc3 Nf6 4. Bb5 Nd4 5. Bc4 c6 6. Nxe5 d5 7. exd5 Bd6 8. Nf3 Nxf3+ 9. Qxf3 O-O 10. h3 b5 11. Be2 b4 12. Ne4 Nxe4 13. Qxe4 Re8 14. Qf3 cxd5 15. d4 Ba6 16. Be3 Bxe2 17. Kxe2 Qc7 18. Rhd1 Qxc2+ 19. Kf1 Re4 20. Qf5 Qc6 21. Rdc1 Qb7 22. Rc2 g6 23. Qg5 Be7 24. Qg3 Qa6+ 25. Kg1 b3 26. Rcc1 bxa2 27. Qc7 Re6 28. b3 Bd8 29. Qd7 Qd6 30. Qxd6 Rxd6 31. Rxa2 Bb6 32. Kf1 Re8 33. Ra4 Rdd8 34. Ke2 Rc8 35. Rxc8 Rxc8 36. Kd3 f6 37. Ra1 Kf7 38. Rc1 Rxc1 39. Bxc1 Ke6 40. f3 Kd7 41. Ba3 a6 42. Bb4 1/2-1/2